000
00191 a2200097 4500
001
42599
100
_a
Carell
245
_a
Invasion
260
_a
London
_b
George G
_c
090
_c
26501
_d
26501
942
_a
NUST-CAE
_c
M
_c
18338
999
_c
277672
_d
277672